| 000 | 00920nam1a2200277 i 4500 | ||
|---|---|---|---|
| 001 | RU\NLR\bibl\1330452 | ||
| 005 | 20260406092734.0 | ||
| 035 | _a(NLR Aleph) 001315688 | ||
| 090 |
_a707623 _c707623 |
||
| 100 | _a20090217g20089999u y0rusy50 ca | ||
| 101 | 1 |
_arus _cfre |
|
| 102 | _aRU | ||
| 105 | _a||||z ||||| | ||
| 200 | 1 |
_aЖена, муж и любовник _e[роман _eперевод с французского] _fПоль де Кок |
|
| 210 |
_aСанкт-Петербург _cЛенинградское издательство _d2008 |
||
| 215 | _d21 | ||
| 463 | 0 | _10011286628 | |
| 463 | 0 | _10011287755 | |
| 686 | _aШ6(4Фр)57я44{Лх1646-40} | ||
| 700 | 1 |
_4070 _8rus _7ca _aКок _bП. де _f1793-1871 _gПоль де _3RU\NLR\AUTH\7764311 _947240 |
|
| 801 | 0 |
_aRU _bNLR _c20090217 _gRCR |
|
| 801 | 1 |
_aRU _bNLR _c20090217 |
|
| 852 |
_aNLR _j2008-3/31644 |
||
| 942 | _cBOOK | ||